|
|
|
|
| LEADER |
01628nam a2200397 a 4500 |
| 001 |
000113956 |
| 003 |
CZ BrMZK |
| 005 |
20231016102306.0 |
| 008 |
960815s1996 xr e c dcze d |
| 015 |
|
|
|a cnb000098348
|
| 020 |
|
|
|a 80-7009-086-3
|
| 035 |
|
|
|a (OCoLC)84908995
|
| 040 |
|
|
|a BOA001
|b cze
|
| 043 |
|
|
|a e-xr---
|
| 045 |
|
|
|a x-x-
|
| 072 |
|
7 |
|a 76
|x Grafické umění. Grafika
|2 Konspekt
|9 21
|
| 080 |
|
|
|a 76(437.3)
|2 MRF
|
| 080 |
|
|
|a 7.036/.038
|2 MRF
|
| 080 |
|
|
|a (437.3)
|2 MRF
|
| 080 |
|
|
|a (083.824)
|2 MRF
|
| 100 |
1 |
|
|a Havlíček, Jiří,
|d 1946-
|7 jn19981001439
|4 aut
|
| 245 |
1 |
0 |
|a Jiří Havlíček. Graphica alchymica /
|c [text katalogu: Jiřina Hockeová]. : [katalog výstavy]Procházkova síň Domu umění města Brna, 17. prosince 1996-19. ledna 1997, Státní galerie ve Zlíně, grafický kabinet zlínského zámku, 18. února 1997-6. dubna 1997
|
| 260 |
|
|
|a Brno :
|b Dům umění města Brna,
|c 1996
|
| 300 |
|
|
|a [20] s. :
|b il. ;
|c 30 cm
|
| 500 |
|
|
|a Text též angl. a franc.
|
| 600 |
1 |
7 |
|a Havlíček, Jiří,
|d 1946-
|7 jn19981001439
|2 czenas
|
| 648 |
|
7 |
|a 20. století
|7 ch460558
|2 czenas
|
| 650 |
0 |
7 |
|a česká grafika
|7 ph128116
|y 20. století
|2 czenas
|
| 650 |
0 |
7 |
|a moderní umění
|7 ph115340
|z Česko
|2 czenas
|
| 655 |
|
7 |
|a katalogy výstav
|7 fd132536
|2 czenas
|
| 700 |
1 |
|
|a Hockeová, Jiřina,
|d 1944-
|7 mzk2004236701
|4 aut
|
| 710 |
2 |
|
|a Státní galerie (Zlín, Česko)
|7 kn20010709326
|
| 710 |
2 |
|
|a Dům umění města Brna
|7 ko2002101743
|
| 910 |
|
|
|a BOA001
|b X2-1027.600
|
| 990 |
|
|
|a BK
|
| 996 |
6 |
|
|b 2610045382
|c X2-1027.600
|l MZK
|r Sklad / do 24 hodin
|n 4
|p p.v.
|w 000113956
|u 000010
|a 1
|e BOA001
|j MZK50
|s P
|